Trouvez l'erreur dans ces paroles de chansons #2 - Statistiques

Statistiques générales
  • Ce quiz a été pris 2 142 fois
  • Le résultat moyen est 21 sur 30
Statistiques - réponses
Réponse % Correct
Fabuleux
94%
Bras
93%
Draps
93%
Du
93%
Au
92%
Merveilleux
92%
Américaine
90%
Boire
87%
Voir
87%
Coca
85%
Quinze
85%
Armoricaine
82%
Gagner
81%
Vingt
81%
Des
80%
Les
80%
Immiscé
79%
Miel
79%
Biais
73%
Plus
69%
Pas
66%
Ciel
59%
Incarné
53%
Gâcher
49%
Chanter
45%
Soda
45%
Danser
43%
Ombre
39%
Pieds
31%
Eau
7%
Aucun quiz correspondant
Distribution des résultats
% des personnes avec chaque résultat
Percentile par nombre de réponses
Votre historique - résultats
Vous n’avez pas pris ce quiz